Представление документа в формате MARC21

ПолеНазваниеЗначение
  Тип записи a
  Библиографический уровень m
001 Контрольный номер RU/URAIT/586286
005 Дата корректировки 20260429163600.8
008 Кодируемые данные 260429s2026 RU y f j 000 0 rus u
020 Индекс ISBN __
a ISBN 978-5-534-13006-5
c Цена, тираж 2899.00
040 Источник каталогиз. __
a Служба первич. каталог. ИКО Юрайт
c Служба, преобразующая запись ИКО Юрайт
e Правила каталог. RCR
041 Код языка издания __
a Код языка текста rus
044 Код страны публикации __
a Код страны публикации RU
080 Индекс УДК __
a Индекс УДК 882
084 Индекс другой классификации/Индекс ББК __
2 Источник индекса rubbk
a Индекс другой классификации/Индекс ББК 88.5
100 Автор __
a Автор Шнейдер Л. Б.
q Полное имя Шнейдер Лидия Бернгардовна
245 Заглавие __
a Заглавие Молодая семья и ребенок-дошкольник
b Продолж. заглавия практическое пособие служебная - для во и спо
c Ответственность Л. Б. Шнейдер, М. С. Рогач.
250 Сведения об издании __
g испр. и доп
a Основные сведения об издании 2-е изд.
256 Характеристики компьютерного файла __
a Характеристики компьютерного файла Электрон. дан.
260 Выходные данные __
a Место издания Москва
b Издательство Юрайт
c Дата издания 2026
300 Физическое описание __
a Объем 576 с
440 Серия __
a Серия Профессиональная практика
500 Примечания __
a Примечание URL: https://urait.ru/bcode/586286 (дата обращения: 29.04.2026).
520 Аннотация __
a Аннотация Книга позволяет дать разным категориям молодых родителей систематизированное представление о семейном воспитании, воспитательном потенциале семьи, показать способы разрешения воспитательных трудностей, преодоления кризисных ситуаций, раскрыть характерные черты и особенности психического развития дошкольников, выявить главные проблемы, вокруг которых аккумулируется психолого-педагогическое знание на данном этапе развития ребенка; осветить возможные направления и содержание, стратегии и тактику консультативной работы с семьей, воспитывающей ребенка-дошкольника. Для студентов-психологов, молодых родителей, специалистов (педагогов, воспитателей, психологов, социальных работников), а также всех неравнодушных к судьбе ребенка-дошкольника и педагогическим исканиям его семьи.
538 Прим. о системных особенностях __
a Прим. о системных особенностях Режим доступа: Электронно-библиотечная система Юрайт, для авториз. пользователей
653 Ключевые слова __
a Ключевые слова Дошкольная педагогика
653 Ключевые слова __
a Ключевые слова Педагогика, психология, социальная работа
653 Ключевые слова __
a Ключевые слова Основы психологии семьи и семейного консультирования
653 Ключевые слова __
a Ключевые слова Семейная педагогика и домашнее воспитание детей раннего и дошкольного возраста
653 Ключевые слова __
a Ключевые слова Психология семьи
653 Ключевые слова __
a Ключевые слова Психология семейных отношений
653 Ключевые слова __
a Ключевые слова Возрастная психология и педагогика, семьеведение
653 Ключевые слова __
a Ключевые слова Психология семьи и семейного воспитания
653 Ключевые слова __
a Ключевые слова Основы семейного консультирования (дошкольный возраст)
653 Ключевые слова __
a Ключевые слова Психолого-педагогические основы семейного воспитания
653 Ключевые слова __
a Ключевые слова Семейное консультирование
653 Ключевые слова __
a Ключевые слова Индивидуальное и семейное консультирование в социальной работе
653 Ключевые слова __
a Ключевые слова Психология семьи и семейное консультирование
653 Ключевые слова __
a Ключевые слова Основы психологии семьи
653 Ключевые слова __
a Ключевые слова Введение в психологию семьи
653 Ключевые слова __
a Ключевые слова Основы психологии семьи и семейное консультирование
700 Другие авторы __
a Другие авторы Рогач М. С.
q Полное имя Рогач Марина Сергеевна
856 Электронный адрес документа 40
n Местонахождение сервера Юрайт
g Электронная книга
q Тип электронного формата html
h Имя пользователя ЮРАЙТ
v Часы доступа к ресурсу 20271231
2 Способ доступа Показать документ
x Служебное примечание https://urait.ru/book/cover/0CFD828C-09CB-46A1-BCB6-4D4569AD3444
u URL https://urait.ru/bcode/586286
856 Электронный адрес документа 48
q Тип электронного формата cover
u URL https://urait.ru/book/cover/0CFD828C-09CB-46A1-BCB6-4D4569AD3444
911 __
u 0030=https://urait.ru/bcode/586286
911 __
u 073a=9785534130065
u 073d=2899.00
911 __
u 106a=s
911 __
u 900l=
952 Тип литературы __
i Дисциплина Основы психологии семьи и семейного консультирования
952 Тип литературы __
i Дисциплина Семейная педагогика и домашнее воспитание детей раннего и дошкольного возраста
952 Тип литературы __
i Дисциплина Психология семьи
952 Тип литературы __
i Дисциплина Психология семейных отношений
952 Тип литературы __
i Дисциплина Возрастная психология и педагогика, семьеведение
952 Тип литературы __
i Дисциплина Психология семьи и семейного воспитания
952 Тип литературы __
i Дисциплина Основы семейного консультирования (дошкольный возраст)
952 Тип литературы __
i Дисциплина Психолого-педагогические основы семейного воспитания
952 Тип литературы __
i Дисциплина Семейное консультирование
952 Тип литературы __
i Дисциплина Индивидуальное и семейное консультирование в социальной работе
952 Тип литературы __
i Дисциплина Психология семьи и семейное консультирование
952 Тип литературы __
i Дисциплина Основы психологии семьи
952 Тип литературы __
i Дисциплина Введение в психологию семьи
952 Тип литературы __
i Дисциплина Основы психологии семьи и семейное консультирование